Young leaders success code : (Record no. 60541)
[ view plain ]
| 000 -LEADER | |
|---|---|
| fixed length control field | 00874nam a22002417a 4500 |
| 005 - DATE AND TIME OF LATEST TRANSACTION | |
| control field | 20130924154602.0 |
| 010 ## - LCCN (DPL NO) | |
| LC control number | ENG-104654 |
| 020 ## - INTERNATIONAL STANDARD BOOK NUMBER | |
| International Standard Book Number | 9788174469861 |
| Terms of availability | 295.00 |
| 035 ## - SYSTEM CONTROL NUMBER | |
| System control number | EN-88187 |
| 035 ## - SYSTEM CONTROL NUMBER | |
| System control number | B-492165-174 |
| 037 ## - SOURCE OF ACQUISITION | |
| Source of stock number/acquisition | DBAD/PUB |
| 037 ## - SOURCE OF ACQUISITION | |
| Source of stock number/acquisition | Virtuous Pub/Ven |
| 082 ## - DEWEY DECIMAL CLASSIFICATION NUMBER | |
| Classification number | 658.4092 |
| 100 ## - MAIN ENTRY--PERSONAL NAME | |
| Personal name | Mohapatra, Mamta |
| 245 ## - TITLE STATEMENT | |
| Title | Young leaders success code : |
| Statement of responsibility, etc | by Mamta Mohapatra [and] Narendra Nath Akhouri |
| Remainder of title | the inspiring stories of young achievers / |
| 260 ## - PUBLICATION, DISTRIBUTION, ETC. (IMPRINT) | |
| Place of publication, distribution, etc | New Delhi |
| Name of publisher, distributor, etc | Excel Books |
| Date of publication, distribution, etc | 2011 |
| 270 ## - ADDRESS | |
| Address | A-45, Naraina, Phase1 |
| City | New Delhi |
| Postal code | 110028 |
| 300 ## - PHYSICAL DESCRIPTION | |
| Extent | xxii,225p. |
| Dimensions | 22cm(pbk) |
| 500 ## - GENERAL NOTE | |
| General note | Includes bibliographical references |
| 700 ## - ADDED ENTRY--PERSONAL NAME | |
| Personal name | Akhouri, Narendra Nath |
| 9 (RLIN) | 38637 |
| 942 ## - ADDED ENTRY ELEMENTS (KOHA) | |
| Source of classification or shelving scheme | Dewey Decimal Classification |
| Item type | English Books |
| Call number suffix | MOH |
| Classification part | 658.4092 |
| Withdrawn status | Lost status | Not for loan | Collection code | Home library | Current library | Date acquired | Source of acquisition | Cost, normal purchase price | Full call number | Barcode | Copy number | Cost, replacement price | Koha item type |
|---|---|---|---|---|---|---|---|---|---|---|---|---|---|
| Non-fiction | Central Jail Tihar | Central Jail Tihar | 24/09/2013 | Virtuous Pub/IN 1304/17.01.13/130/18.12.12/23.01.13 | 295.00 | 658.4092 MOH | B-492170 | 1 | 295.00 | English Books | |||
| Non-fiction | Central Library | Central Library | 24/09/2013 | Virtuous Pub/IN 1304/17.01.13/130/18.12.12/23.01.13 | 295.00 | 658.4092 MOH | B-492165 | 1 | 295.00 | English Books | |||
| Not For Loan | Non-fiction | D.B.Act.Division | D.B.Act.Division | 09/01/2012 | DBAD/PUB | 295.00 | 658.4092 MOH | EN-88187 | 1 | 295.00 | English Books | ||
| Non-fiction | Janak Puri | Janak Puri | 24/09/2013 | Virtuous Pub/IN 1304/17.01.13/130/18.12.12/23.01.13 | 295.00 | 658.4092 MOH | B-492171 | 1 | 295.00 | English Books | |||
| Non-fiction | Kasturba Gandhi Marg | Kasturba Gandhi Marg | 24/09/2013 | Virtuous Pub/IN 1304/17.01.13/130/18.12.12/23.01.13 | 295.00 | 658.4092 MOH | B-492167 | 1 | 295.00 | English Books | |||
| Non-fiction | Patel Nagar | Patel Nagar | 24/09/2013 | Virtuous Pub/IN 1304/17.01.13/130/18.12.12/23.01.13 | 295.00 | 658.4092 MOH | B-492166 | 1 | 295.00 | English Books | |||
| Written-off vide DLB M. No. 383 dt 16.05.19 | Non-fiction | Peshwa Road | Peshwa Road | 24/09/2013 | Virtuous Pub/IN 1304/17.01.13/130/18.12.12/23.01.13 | 295.00 | 658.4092 MOH | B-492168 | 1 | 295.00 | English Books | ||
| Non-fiction | Sarojini Nagar | Sarojini Nagar | 24/09/2013 | Virtuous Pub/IN 1304/17.01.13/130/18.12.12/23.01.13 | 295.00 | 658.4092 MOH | B-492172 | 1 | 295.00 | English Books | |||
| Non-fiction | Shahdara Branch | Shahdara Branch | 24/09/2013 | Virtuous Pub/IN 1304/17.01.13/130/18.12.12/23.01.13 | 295.00 | 658.4092 MOH | B-492174 | 1 | 295.00 | English Books | |||
| Non-fiction | Tri Nagar | Tri Nagar | 24/09/2013 | Virtuous Pub/IN 1304/17.01.13/130/18.12.12/23.01.13 | 295.00 | 658.4092 MOH | B-492169 | 1 | 295.00 | English Books | |||
| Non-fiction | Vinoba Puri | Vinoba Puri | 24/09/2013 | Virtuous Pub/IN 1304/17.01.13/130/18.12.12/23.01.13 | 295.00 | 658.4092 MOH | B-492173 | 1 | 295.00 | English Books |
